00863nam a22001937a 4500003000400000005001700004008004100021020001800062040000600080082001800086245016100104260002000265300003600285650010800321700008500429942001800514999001500532952012200547OSt20260405103042.0260405b |||||||| |||| 00| 0 eng d a9783725845750 cn a690 G826 2025 aGreen Building Design and Construction for a Sustainable Future /bEditors: Yongtao Tan (Guest Editor), Peng Mao (Guest Editor), Xiaolong Gan (Guest Editor) bMDPI AG. 2025 a298 pages ; hardcover ; English aGreen building – Sustainable construction – Environmental design – Energy efficiency in buildings aYongtao Tan (Guest Editor), Peng Mao (Guest Editor), Xiaolong Gan (Guest Editor) 2ddccBK-ENn0 c8736d8736 00102ddc4070aCENTRALbTUWAIQd2026-04-05l0o690 G826 2025p1000000029045r2026-04-05 10:26:28w2026-04-05yBK-EN